00422cam a2200157ua 45000010005000000080039000050400009000440410008000530820012000611000030000732450068001032500009001712600030001803000010002106530044002207267141205n ii |||gr||||Z||||||ben cMAIN aben a891.444 aAhmed, K.C.A.,eCompilor.1 aKochbiharor ItihashcCompiled By Kha Choudhury Amalatulla Ahmed a1st. aKolkatta:bModern,c1990. a450p. aEast Indo-European & Celtic literatures